Mentati Duny /
Další pokračování sci-fi trilogie Školy duny, ve které syn autora kultovní Duny společně s renomovaným spisovatelem K. J. Andersonem přinášejí pokračování vesmírné ságy, v němž navazují na dějové linie a osudy oblíbených hrdinů.
Uloženo v:
| Série: | Školy Duny,
část 2 |
|---|---|
| Hlavní autor: | |
| Další autoři: | , |
| Médium: | E-kniha |
| Jazyk: | Czech |
| Vydáno: |
Praha :
Baronet,
2022
|
| Vydání: | Vydání druhé |
| Témata: | |
| Příbuzné jednotky: | Z cyklu::
Školy Duny |
| Tagy: |
Žádné tagy |
| LEADER | 02882nam a2200457 i 4500 | ||
|---|---|---|---|
| 001 | 311681 | ||
| 003 | CZ PrSKC | ||
| 005 | 20260601215710.0 | ||
| 007 | ta | ||
| 008 | 221006s2022 xr g 000 f cze | ||
| 015 | |a cnb003447407 | ||
| 020 | |a 9788026919773 |q (vázáno) | ||
| 035 | |a (OCoLC)1350560498 | ||
| 040 | |a ABG001 |b cze |d ABA001 |e rda | ||
| 041 | 1 | |a cze |h eng | |
| 072 | 7 | |a 821.111(73)-3 |x Americká próza |2 Konspekt | |
| 080 | |a 821.111(73)-31 |2 MRF | ||
| 080 | |a (0:82-311.9) |2 MRF | ||
| 100 | 1 | |a Herbert, Brian, |d 1947- |7 jn20001103600 |4 aut | |
| 240 | 1 | 0 | |a Mentats of Dune. |l Česky |
| 245 | 1 | 0 | |a Mentati Duny / |c Brian Herbert, Kevin J. Anderson ; přeložila: Dana Chodilová |
| 250 | |a Vydání druhé | ||
| 264 | 1 | |a Praha : |b Baronet, |c 2022 | |
| 300 | |a 607 stran ; |c 21 cm | ||
| 336 | |a text |b txt |2 rdacontent | ||
| 337 | |a bez média |b n |2 rdamedia | ||
| 338 | |a svazek |b nc |2 rdacarrier | ||
| 500 | |a Přeloženo z angličtiny | ||
| 520 | 2 | |a Další pokračování sci-fi trilogie Školy duny, ve které syn autora kultovní Duny společně s renomovaným spisovatelem K. J. Andersonem přinášejí pokračování vesmírné ságy, v němž navazují na dějové linie a osudy oblíbených hrdinů. |b Zhruba sto let po bitvě o Corrin se na planetách odehrávají změny, které ovlivní budoucnost celého lidstva. Hnutí Manforda Toronda, jež získalo vliv po porážce myslících strojů, putuje po planetách a fanaticky ničí všechny stopy po technologiích. Gilbertus Albans, svěřenec nenáviděného robota Erasma, založil na planetě Lampadas mentatskou školu, v níž své svěřence učí být „lidskými počítači“, provádět matematické výpočty vyššího řádu a nacházet logické zákonitosti. Ctihodná matka Raquella Berto-Anirulová se pokouší znovu vybudovat Sesterstvo spolu se svou nejtalentovanější studentkou Valyou Harkonnenovou, která má ovšem vlastní cíl - pomstít se Vorianu Atreidovi, hrdinovi z dob Služebnického džihádu, jehož viní z pádu své rodiny. Nakladatelská anotace. Kráceno. | |
| 655 | 7 | |a americké romány |7 fd131796 |2 czenas | |
| 655 | 7 | |a vědecko-fantastické romány |7 fd133847 |2 czenas | |
| 655 | 9 | |a American fiction |2 eczenas | |
| 655 | 9 | |a science fiction novels |2 eczenas | |
| 700 | 1 | |a Anderson, Kevin J., |d 1962- |7 jn20001103601 |4 aut | |
| 700 | 1 | |a Chodilová, Dana, |d 1964- |7 xx0017374 |4 trl | |
| 787 | 0 | 8 | |i Z cyklu: |t Školy Duny |g 2 |
| 900 | |a ABA001 |b 20 | ||
| 044 | |a xr | ||
| 910 | |a RBIT002 | ||
| 998 | |d 361007 |a https://core.palmknihy.cz/api/books/361007/cover?suv6tw |b https://core.palmknihy.cz/api/books/361007/cover/400?suv6tw |c https://core.palmknihy.cz/api/books/361007/cover/50?suv6tw |e 2027-06-03 |g 608 |i 9788026919773 |j https://core.palmknihy.cz/api/books/361007/preview.epub |l |q 49 |r 1 |s https://www.palmknihy.cz/kniha/361007 |t ebook |y 2022 |z 0 |v Školy Duny |w 2 | ||
| 999 | |d 311679 | ||